Lancashire Trivia - Statistics

General Stats
  • This quiz has been taken 134 times
  • The average score is 12 of 18
Answer Stats
Hint Answer % Correct
Lancashire seaside resort famous for its tower Blackpool
92%
County town Lancaster
92%
In the 1830s, Lancashire processed 85% of this fabric worldwide Cotton
88%
Football league champions NOT currently in Premier League Preston North End
87%
Largest cities Manchester
85%
Largest cities Liverpool
84%
Football league champions NOT currently in Premier League Blackburn Rovers
76%
Region to the north of Lancashire famous for its landscape Lake District
76%
Liverpool was a centre for this trade, outlawed in 1807 Slave trade
74%
Contests 'The War of the Roses' match against Yorkshire in this sport Cricket
72%
Lancastrian King who ended the War of the Roses Henry VII
72%
Traditional British flaky pastry filled with raisins Eccles cake
60%
Liverpool and Manchester were the first cities to be linked by this Railway
53%
Lancashire's most famous musical act The Beatles
50%
Lancastrian artist notable for his urban paintings LS Lowry
46%
Leading computer scientist who taught at the University of Manchester Alan Turing
42%
Manchester was home to this prominent Communist Freidrich Engels
25%
Great philosopher who studied in Manchester Ludwig Wittgenstein
3%
No matching quizzes found
Score Distribution
Percent of People with Each Score
Percentile by Number Answered
Your Score History
You have not taken this quiz